000 00651nam a2200205 i 4500
001 93803
003 ES-MaACL
005 20250903022111.0
007 t|
008 050420s1982 sp |||| | spa d
100 1 _aLópez de la Manzanara Barbero, Juan.
_973554
245 1 0 _aProblemas de estadística /
_cJuan López de la Manzanara Barbero ; prólogo de Manuel López Cachero.
250 _a3ª ed.
260 _aMadrid :
_bPirámide,
_c1982.
300 _a480 p. ;
_c23 cm.
650 7 _aEstadística matemática
_2embne
_9143469
700 1 _aLópez Cachero, Manuel
_973476
852 _aES-MaACL
_jL-2758
999 _c93803
_d93803